000
00298nam a2200109 4500
999
_c
10577
_d
10577
008
180906b ||||| |||| 00| 0 eng d
245
_a
BSP foils threats to website security.
260
_a
Philippines
_b
Manila Bulletin
_c
c2016
300
_a
page B1.
650
0
_9
30975
_a
Internet.
942
_2
ddc
_c
PER